Zákon č. 428/2002 Z. z. o ochrane osobných údajov s komentárom podľa právneho stavu k 1. 8. 2012

Gespeichert in:
Bibliographische Detailangaben
1. Verfasser: Macová, Marcela
Format: Buch
Sprache:Slowakisch
Veröffentlicht: Bratislava Eurokódex 2012
Schlagworte:
Tags: Tag hinzufügen
Keine Tags, Fügen Sie das erste Tag hinzu!

MARC

LEADER 00000nam a2200000 4500
001 0161290
005 20240318120931.0
020 |a 978-80-89447-81-7 
041 0 |a slo 
044 |a SK 
245 1 0 |a Zákon č. 428/2002 Z. z. o ochrane osobných údajov s komentárom  |b podľa právneho stavu k 1. 8. 2012  |c autorka komentára Marcela Macová 
264 1 |a Bratislava  |b Eurokódex  |c 2012 
300 |a 143 s. 
610 2 0 |a ochrana údajov osobných 
610 2 0 |a systémy informačné 
610 2 0 |a informácie 
610 2 0 |a tok informácií 
100 1 |a Macová, Marcela